|
|
|
|
| LEADER |
00000nab a2200000 a 4500 |
| 001 |
vtls000676045 |
| 003 |
SK-MaSNL |
| 005 |
20260302190806.0 |
| 008 |
180206c1999 xo 0 slo |
| 015 |
|
|
|a SNBRB1999/01-00480
|
| 035 |
|
|
|a CLN000028217
|
| 040 |
|
|
|a SNKBUCL
|b slo
|c SNKBUCL
|e AACR2
|
| 041 |
0 |
|
|a slo
|
| 044 |
|
|
|a xo
|c SK
|
| 080 |
|
|
|a 328.1(437.6)
|2 UDC-MRF-SK2
|
| 100 |
1 |
|
|a Krajačičová, Dobroslava
|4 aut
|9 274666
|
| 245 |
1 |
0 |
|a Ceny rastú, platy sú zmrazené a nezamestnanosť sa zvyšuje
|b Dzurindov kabinet rokoval opäť o balíčku ekonomických opatrení
|c Dobroslava Krajačičová
|
| 300 |
|
|
|b Obr.
|
| 610 |
|
7 |
|a Slovensko
|b Vláda
|x zasadanie
|y 7.1.1999
|2 snkbucl
|9 905368
|
| 655 |
|
7 |
|a články z novín a časopisov
|2 snkbucl
|9 267496
|
| 773 |
0 |
|
|t Slovenská republika
|g Roč. 7, č. 5 (8.1.1999), s. 1-2
|
| 850 |
|
|
|a Slovenská národná knižnica v Martine
|
| 852 |
|
|
|a SNK
|b KIS3GCP
|
| 958 |
|
|
|a RBX
|
| 999 |
|
|
|c 1434883
|d 1436813
|